000 00357pam a2200157a 44500
008 230515b1993 xxu||||| |||| 00| 0 eng d
020 _aNULL
041 _aENGLISH
082 _aN.D.
100 _aGulati R R.
245 _aMonochrome & Colour Television
250 _a0
260 _aNULL
_bWiley Eastern Ltd.
_c1993
300 _a771
650 _aNULL
999 _c575373
_d575373